000 00436nam a22001697a 4500
003 NUST
005 20240910145754.0
008 240910b ||||| |||| 00| 0 eng d
020 _a9693501977
082 _a910.4,RAZ
100 _aRaza Ali Aabdi
_99198
245 _aGernaili Sarrak /
_cRaza Ali Aabdi
260 _aLahore
_bSang-e-Meel
_c2017
300 _a310 p
650 _aUrdu Literature - Travelogue
_93136
942 _2ddc
_cBK
999 _c611466
_d611466